<?xml version="1.0" encoding="UTF-8"?>
<marc:record xmlns:marc="http://www.loc.gov/MARC21/slim">
   <marc:leader>00000nam a2200000 a 4500</marc:leader>
   <marc:datafield ind1="0" ind2="0" tag="245">
      <marc:subfield code="a">Bestehende: 1.) In der ersten Fortsetzung dessen, was bey der letzten Königlichen Frantzösischen Crönung vorgefallen ... ist 2.) In der siebenden Fortsetzung und dem Beschluß, der mit eingerückten kleinen Hamburgischen Chronicka</marc:subfield>
   </marc:datafield>
   <marc:datafield ind1="0" ind2="0" tag="245">
      <marc:subfield code="b">3.) In einer Beschreibung der Festung Stade ... 4.) In der vier und zwantzigsten Fortsetzung der Beschreibung des Chinesischen Reichs ... 5.) In der vier und zwanzigsten Fortsetzung des Türckischen Alcorans. Meistentheils in anmuthigen Gesprächen vorgeste</marc:subfield>
   </marc:datafield>
   <marc:datafield ind1=" " ind2="1" tag="264">
      <marc:subfield code="c">1723</marc:subfield>
   </marc:datafield>
   <marc:datafield ind1=" " ind2=" " tag="250">
      <marc:subfield code="a">[Bindeeinheit]</marc:subfield>
   </marc:datafield>
   <marc:datafield ind1="1" ind2=" " tag="520">
      <marc:subfield code="a">Unvollständig, ab Seite 1134 herausgetrennt, Stempel am Frontispiz des vorigen Werkes: Bibliothek der P.P. Kapuziner Scheibbs; Frontispiz (Kupferstich) von Stade, Zierinitiale und Zierkupferstiche im Text; brauner Ledereinband auf Buchdeckeln aus Holz, Leder der Buchdeckel mit Linien verziert, Buchrücken mit 4 Bünden, Linienverzierungen ober- und unterhalb der Bünde und Signaturschild "L", rot gesprenkelte Schnittkante.</marc:subfield>
   </marc:datafield>
   <marc:datafield ind1=" " ind2=" " tag="041">
      <marc:subfield code="a">ger</marc:subfield>
   </marc:datafield>
   <marc:datafield ind1="0" ind2=" " tag="490">
      <marc:subfield code="v">1,25.</marc:subfield>
   </marc:datafield>
   <marc:datafield ind1=" " ind2=" " tag="300">
      <marc:subfield code="a">[1] Bl., S. [1107] - 1134 : Ill.</marc:subfield>
   </marc:datafield>
</marc:record>
